000
00312nam a2200133Ia 4500
100
_a
Heizer/Jay/ Render/Barry
942
_c
RB
654
_a
production
245
_a
Production and Operation Management
260
_b
Allyn and Bacon
_a
Boston
_c
1988
082
_a
658.5
_b
HEI
300
_a
815
546
_a
ENGLISH
999
_c
22413
_d
22413